000 00751nam a2200205 a 4500
001 000026091
005 20240409073640.0
008 110301t1938 dr ac 001 0bspa d
040 _aDO-SdBNP
_bspa
_cBNPHU
082 _a923.17293053
_bT855s
100 1 _aSánchez Lustrino, Gilberto
_937800
245 1 0 _aTrujillo :
_bel constructor de una nacionalidad /
_cGilberto Sánchez Lustrino.
260 _aLa Habana :
_bCultural,
_c1938.
300 _a299 p. :
_bil., retr. ;
_c22 cm.
500 _aIncluye índice patronímico.
600 1 0 _aTrujillo Molina, Rafael Leónidas,
_d 1891-1961
_976764
651 4 _aRepública Dominicana
_xPolítica Y Gobierno
_yERA DE TRUJILLO, 1930-1961
_91374
910 _aValidado. Control de calidad EMS.
049 _aBNPD
999 _c25583
_d25583